[Event "Bratislava Slovan op"]
[Site "Bratislava"]
[Date "2013.04.28"]
[Round "2"]
[White "Vanek, Libor"]
[Black "Slobodnik, Michal"]
[Result "1/2-1/2"]
[WhiteElo "1662"]
[BlackElo "1817"]
[PlyCount "70"]
[EventDate "2013.04.27"]
[EventType "swiss"]
[EventRounds "9"]
[EventCountry "SVK"]
[SourceTitle "EXT 2023"]
[Source "ChessBase"]
[SourceDate "2022.10.05"]
[SourceVersion "1"]
[SourceVersionDate "2022.10.05"]
[SourceQuality "1"]

1. e4 c5 2. d4 cxd4 3. c3 d3 4. Bxd3 Nc6 5. Nf3 g6 6. 0-0 Bg7 7. Qe2 Qc7 8. Be3 Nf6 9. h3 0-0 10. Na3 d5 11. exd5 Nxd5 12. Nc2 e5 13. Rad1 Nxe3 14. Nxe3 Be6 15. Bc4 Rad8 16. Ng5 Bxc4 17. Qxc4 Rc8 18. Rd3 Qe7 19. Ne4 Nd4 20. Qa4 b5 21. Qd1 f5 22. Nd2 e4 23. Rxd4 Bxd4 24. cxd4 Rfd8 25. Nb3 f4 26. Ng4 h5 27. Ne5 Qg5 28. Kh2 Kg7 29. Na5 Rc7 30. Nac6 Re8 31. Qe2 Rxc6 32. Nxc6 f3 33. gxf3 Qf4+ 34. Kg2 Qg5+ 35. Kh2 Qf4+ 1/2-1/2

[Event "Bratislava Slovan op"]
[Site "Bratislava"]
[Date "2013.04.27"]
[Round "1"]
[White "Jablonicky, Martin"]
[Black "Vanek, Libor"]
[Result "1-0"]
[WhiteElo "1935"]
[BlackElo "1662"]
[PlyCount "81"]
[EventDate "2013.04.27"]
[EventType "swiss"]
[EventRounds "9"]
[EventCountry "SVK"]
[SourceTitle "EXT 2023"]
[Source "ChessBase"]
[SourceDate "2022.10.05"]
[SourceVersion "1"]
[SourceVersionDate "2022.10.05"]
[SourceQuality "1"]

1. e4 e5 2. Nf3 Nf6 3. Nxe5 d6 4. Nf3 Nxe4 5. Nc3 Nxc3 6. dxc3 Be7 7. Be3 0-0 8. Qd2 Nd7 9. 0-0-0 Ne5 10. h3 Nxf3 11. gxf3 Bf5 12. Rg1 Bf6 13. Bd3 Qd7 14. Bg5 Qe6 15. Bxf6 Qxf6 16. Qf4 Bg6 17. Qxf6 gxf6 18. Be4 Rab8 19. Rg4 Kh8 20. Rf4 f5 21. Bxf5 Bxf5 22. Rxf5 Rbe8 23. c4 Re7 24. Rd4 Rg8 25. Re4 Rge8 26. Rxf7 Rxf7 27. Rxe8+ Kg7 28. Re3 Kg6 29. Kd2 a5 30. Ke2 b6 31. Re4 Kg5 32. Ke3 Kh5 33. b3 h6 34. a4 Kg5 35. c3 Kh5 36. Re6 Rh7 37. f4 Kh4 38. Rg6 Kxh3 39. f5 h5 40. f6 Rf7 41. Kf4 1-0